[Event "Unna Open 2022"]
[Site "Unna"]
[Date "2022.12.28"]
[Round "3.41"]
[White "Koch, Alexander Leon"]
[Black "Zeitz, Max"]
[Result "0-1"]
[WhiteElo "987"]
[BlackElo "1619"]
[Annotator "Medger,Gernot"]
[PlyCount "60"]
[EventDate "2022.12.??"]
[EventType "tourn"]
[EventRounds "7"]
[EventCountry "GER"]

1. d4 Nf6 2. Nf3 g6 3. Nc3 d5 4. Bf4 Bg7 5. e3 O-O 6. Bd3 e6 7. O-O a6 8. h3
Nbd7 9. a3 c5 10. Bd6 Re8 11. dxc5 e5 12. e4 d4 13. Nd5 Nxd5 14. exd5 e4 15.
Re1 exf3 16. Rxe8+ Qxe8 17. Qxf3 Bf8 18. Bxf8 Kxf8 19. c6 Ne5 20. Qe4 Nxd3 21.
Qxd3 bxc6 22. Qxd4 Kg8 23. Qc5 cxd5 24. Qxd5 Be6 25. Qd4 Qc6 26. c3 Rb8 27. Rb1
Bf5 28. Rd1 Rxb2 29. Qe5 Qc8 30. Qf6 Rb1 0-1

[Event "Unna Open 2022"]
[Site "Unna"]
[Date "2022.12.28"]
[Round "3.43"]
[White "Leufert, Jan-Frederik"]
[Black "Koch, Lennard"]
[Result "0-1"]
[WhiteElo "774"]
[BlackElo "1358"]
[Annotator "Medger,Gernot"]
[PlyCount "63"]
[EventDate "2022.12.??"]
[EventType "tourn"]
[EventRounds "7"]
[EventCountry "GER"]

1. e4 e5 2. Nf3 Nc6 3. Nc3 Nf6 4. Bc4 Nxe4 5. Nxe4 d5 6. Bxd5 Qxd5 7. d3 Bg4 8.
h3 Bh5 9. Nc3 Qd6 10. Be3 O-O-O 11. g4 Bg6 12. Qd2 Nd4 13. Bxd4 exd4 14. Nb5
Re8+ 15. Kd1 Qb6 16. Nfxd4 a6 17. Nc3 Qxd4 18. Re1 Rxe1+ 19. Qxe1 Bb4 20. a3
Bxc3 21. bxc3 Qb6 22. Kd2 Bxd3 23. cxd3 Qb2+ 24. Ke3 Re8+ 25. Kf3 Rxe1 26. Rxe1
Qxc3 27. Re8+ Kd7 28. Re3 Qxa3 29. d4 Qd6 30. Rd3 Qd5+ 31. Ke3 Qh1 32. Rb3 0-1

[Event "Unna Open 2022"]
[Site "Unna"]
[Date "2022.12.28"]
[Round "3.44"]
[White "Arnoldi, Ekkehard"]
[Black "Dunker, Fabian"]
[Result "1-0"]
[WhiteElo "1298"]
[BlackElo "1001"]
[Annotator "Medger,Gernot"]
[PlyCount "115"]
[EventDate "2022.12.??"]
[EventType "tourn"]
[EventRounds "7"]
[EventCountry "GER"]

1. d4 c5 2. d5 Nf6 3. c4 e5 4. d6 Qb6 5. Bg5 Qxd6 6. Qc2 h6 7. Bh4 Nc6 8. e4
Nb4 9. Qe2 Be7 10. Nc3 Nd3+ 11. Qxd3 Qxd3 12. Bxd3 Nxe4 13. Bxe7 Nxc3 14. bxc3
Kxe7 15. Nf3 f6 16. O-O b6 17. Nh4 Kf7 18. Bg6+ Kg8 19. Nf5 Kf8 20. Rfd1 h5 21.
Nd6 Ke7 22. Nxc8+ Raxc8 23. Bf5 Rc7 24. Rd5 Rd8 25. Re1 d6 26. f4 h4 27. g3
hxg3 28. hxg3 a6 29. a4 a5 30. fxe5 dxe5 31. Rxd8 Kxd8 32. Rd1+ Ke7 33. Kf2 g5
34. Rh1 Kd6 35. Rh7 Rxh7 36. Bxh7 Ke7 37. g4 Kd6 38. Ke3 Ke7 39. Ke4 Ke6 40.
Bg8+ Kd6 41. Kf5 Ke7 42. Be6 Kd6 43. Kxf6 e4 44. Bd5 e3 45. Bf3 b5 46. cxb5 c4
47. Kxg5 Kc5 48. Kf6 Kd6 49. g5 Kd7 50. Kf7 Kd8 51. g6 Kc7 52. g7 Kb6 53. g8=Q
Kc7 54. Qg3+ Kb6 55. Qg6+ Kc7 56. Qc6+ Kd8 57. b6 e2 58. Qc7# 1-0

[Event "Unna Open 2022"]
[Site "Unna"]
[Date "2022.12.28"]
[Round "3.45"]
[White "Neumann, Michael"]
[Black "Krüger, Elias Jordan"]
[Result "0-1"]
[WhiteElo "1298"]
[BlackElo "862"]
[Annotator "Medger,Gernot"]
[PlyCount "42"]
[EventDate "2022.12.??"]
[EventType "tourn"]
[EventRounds "7"]
[EventCountry "GER"]

1. e4 e5 2. Nf3 Nc6 3. Bc4 Bc5 4. c3 Nf6 5. d3 d6 6. a4 a6 7. h3 h6 8. O-O O-O
9. b4 Ba7 10. Be3 Bxe3 11. fxe3 Be6 12. Nbd2 d5 13. exd5 Nxd5 14. Bxd5 Bxd5 15.
d4 exd4 16. exd4 Qf6 17. Ne5 Qg5 18. Ndf3 Qe3+ 19. Kh1 Qxc3 20. Nd7 Nxd4 21.
Nxd4 Qxh3+ 0-1

[Event "Unna Open 2022"]
[Site "Unna"]
[Date "2022.12.28"]
[Round "3.46"]
[White "Weiner, Letizia Marilena"]
[Black "Conradi, Rolf"]
[Result "1/2-1/2"]
[WhiteElo "734"]
[BlackElo "1287"]
[Annotator "Medger,Gernot"]
[PlyCount "39"]
[EventDate "2022.12.??"]
[EventType "tourn"]
[EventRounds "7"]
[EventCountry "GER"]

1. e4 e5 2. Nf3 Nc6 3. Nc3 d6 4. d4 exd4 5. Nxd4 Bd7 6. Bb5 Ne5 7. f3 c6 8. Be2
h6 9. Bf4 Ng6 10. Qd2 Qb6 11. O-O-O Be7 12. Kb1 Nxf4 13. Qxf4 Nf6 14. h3 c5 15.
Nb3 Rc8 16. e5 Nh5 17. Qh2 dxe5 18. Qxe5 Nf6 19. Nd5 Qe6 20. Qxe6 1/2-1/2

[Event "Unna Open 2022"]
[Site "Unna"]
[Date "2022.12.28"]
[Round "4.1"]
[White "Torres-Kuckel, Rafael"]
[Black "Tkachuk, Sergij"]
[Result "1/2-1/2"]
[WhiteElo "2120"]
[BlackElo "2206"]
[Annotator "Medger,Gernot"]
[PlyCount "43"]
[EventDate "2022.12.??"]
[EventType "tourn"]
[EventRounds "7"]
[EventCountry "GER"]

1. e4 c5 2. Nf3 d6 3. d4 cxd4 4. Nxd4 Nf6 5. Nc3 g6 6. Be2 Bg7 7. O-O O-O 8.
Re1 Nc6 9. Nb3 a5 10. a4 Be6 11. Bf1 Bxb3 12. cxb3 Nb4 13. Bg5 h6 14. Bh4 Qb6
15. Rb1 e6 16. Qd2 g5 17. Bg3 d5 18. exd5 Nfxd5 19. Nxd5 Nxd5 20. Bc4 Rad8 21.
Qe2 Nf4 22. Bxf4 1/2-1/2

[Event "Unna Open 2022"]
[Site "Unna"]
[Date "2022.12.28"]
[Round "4.2"]
[White "Gutte, Friedhelm"]
[Black "Huckebrink, Chris"]
[Result "0-1"]
[WhiteElo "2036"]
[BlackElo "2145"]
[Annotator "Medger,Gernot"]
[PlyCount "29"]
[EventDate "2022.12.??"]
[EventType "tourn"]
[EventRounds "7"]
[EventCountry "GER"]

1. d4 e6 2. Bf4 b6 3. e3 Bb7 4. Nd2 Be7 5. Ngf3 d6 6. h3 g5 7. Bh2 h5 8. e4 Nd7
9. Bd3 g4 10. Ng1 Bg5 11. f4 gxh3 12. Nxh3 Bh4+ 13. g3 Bf6 14. Nf3 c5 15. c3
0-1

[Event "Unna Open 2022"]
[Site "Unna"]
[Date "2022.12.28"]
[Round "4.3"]
[White "Tkachuk, Konstantyn"]
[Black "Georg, Felix"]
[Result "1-0"]
[WhiteElo "2202"]
[BlackElo "1986"]
[Annotator "Medger,Gernot"]
[PlyCount "65"]
[EventDate "2022.12.??"]
[EventType "tourn"]
[EventRounds "7"]
[EventCountry "GER"]

1. e4 e5 2. Nf3 d6 3. d4 exd4 4. Nxd4 Nf6 5. Nc3 Be7 6. Be2 O-O 7. f4 Re8 8.
O-O Bf8 9. Bf3 c5 10. Nde2 Nc6 11. h3 a6 12. b3 Qc7 13. Bb2 b5 14. Qd2 Bb7 15.
Nd5 Nxd5 16. exd5 Ne7 17. c4 Ng6 18. g4 Nh4 19. Ng3 Qe7 20. Be4 f5 21. gxf5 Qf7
22. Kh2 Be7 23. Qe2 Bf6 24. Bxf6 Qxf6 25. Qg4 h5 26. Nxh5 Qb2+ 27. Kg3 Rxe4 28.
Kxh4 Rf8 29. f6 Rf7 30. fxg7 bxc4 31. bxc4 Qd4 32. Rab1 Ree7 33. Rxb7 1-0

[Event "Unna Open 2022"]
[Site "Unna"]
[Date "2022.12.28"]
[Round "4.5"]
[White "Korten, Lando"]
[Black "Neumann, Theodor"]
[Result "1-0"]
[WhiteElo "2135"]
[BlackElo "1945"]
[Annotator "Medger,Gernot"]
[PlyCount "33"]
[EventDate "2022.12.??"]
[EventType "tourn"]
[EventRounds "7"]
[EventCountry "GER"]

1. d4 e6 2. c4 f5 3. Nc3 Nf6 4. f3 d5 5. e3 c6 6. Bd3 Be7 7. Qc2 O-O 8. Bd2 a6
9. Nge2 b5 10. b3 Qe8 11. O-O Kh8 12. e4 g6 13. Nf4 Qf7 14. Rae1 h6 15. cxd5
cxd5 16. exd5 exd5 17. Rxe7 1-0

[Event "Unna Open 2022"]
[Site "Unna"]
[Date "2022.12.28"]
[Round "4.6"]
[White "Junk, Phillip"]
[Black "Mann, Gergely"]
[Result "1/2-1/2"]
[WhiteElo "2055"]
[BlackElo "1978"]
[Annotator "Medger,Gernot"]
[PlyCount "47"]
[EventDate "2022.12.??"]
[EventType "tourn"]
[EventRounds "7"]
[EventCountry "GER"]

1. e4 c5 2. Nf3 d6 3. Bb5+ Nd7 4. c3 Ngf6 5. Qe2 a6 6. Ba4 e6 7. O-O Be7 8. d4
b5 9. Bc2 Bb7 10. Nbd2 O-O 11. e5 Ne8 12. Ne4 cxd4 13. cxd4 h6 14. Qd3 f5 15.
exf6 Ndxf6 16. Nxf6+ Nxf6 17. Re1 Bd5 18. Bb3 Qd7 19. Qg6 Qe8 20. Qxe8 Rfxe8
21. Bxd5 exd5 22. Bf4 Ne4 23. Rac1 Rac8 24. Kf1 1/2-1/2

[Event "Unna Open 2022"]
[Site "Unna"]
[Date "2022.12.28"]
[Round "4.7"]
[White "Nechitaylo, Nikita"]
[Black "Höllmann, Ludger"]
[Result "1/2-1/2"]
[WhiteElo "1985"]
[BlackElo "2039"]
[Annotator "Medger,Gernot"]
[PlyCount "137"]
[EventDate "2022.12.??"]
[EventType "tourn"]
[EventRounds "7"]
[EventCountry "GER"]

1. e4 c5 2. d4 cxd4 3. c3 dxc3 4. Nxc3 Nc6 5. Nf3 e6 6. Bc4 Bb4 7. O-O Nge7 8.
Nb5 d5 9. exd5 exd5 10. Bxd5 O-O 11. Bb3 Bg4 12. Bf4 a6 13. Nc7 Qxd1 14. Raxd1
Rad8 15. Nd5 Nxd5 16. Bxd5 h6 17. a3 Be7 18. h3 Bxf3 19. Bxf3 Nd4 20. Bg4 f5
21. Bh5 Bf6 22. Bc7 Rd7 23. Bb6 Kh7 24. Kh1 g6 25. Bf3 Rff7 26. Bxb7 Rxb7 27.
Bxd4 Bxd4 28. Rxd4 Rxb2 29. Rd6 Ra7 30. Re1 Rxf2 31. Ree6 Rg7 32. Rxa6 Ra2 33.
a4 h5 34. h4 Ra3 35. a5 Ra4 36. g3 Ra2 37. Ra8 Rd7 38. Re1 Kg7 39. a6 Rdd2 40.
a7 Rd7 41. Rb1 Rdxa7 42. Rxa7+ Rxa7 43. Kg2 Ra4 44. Kf3 Rg4 45. Rb7+ Kh6 46.
Rf7 Rb4 47. Ra7 Rb3+ 48. Kf4 Rb1 49. Kf3 Rf1+ 50. Kg2 Re1 51. Kf3 Re4 52. Rb7
Ra4 53. Rc7 Ra3+ 54. Kf4 Ra4+ 55. Kf3 Ra8 56. Rb7 Rg8 57. Kf4 Rg7 58. Rb6 Re7
59. Rf6 Re1 60. Kf3 Kg7 61. Ra6 Kf7 62. Kf4 Re4+ 63. Kf3 Re6 64. Ra7+ Kf6 65.
Kf4 Rb6 66. Ra4 Rd6 67. Rc4 Ke6 68. Ra4 Kf6 69. Rb4 1/2-1/2

[Event "Unna Open 2022"]
[Site "Unna"]
[Date "2022.12.28"]
[Round "4.8"]
[White "Morawietz, Manuel"]
[Black "Schmücker, Marcus"]
[Result "0-1"]
[WhiteElo "1903"]
[BlackElo "2208"]
[Annotator "Medger,Gernot"]
[PlyCount "124"]
[EventDate "2022.12.??"]
[EventType "tourn"]
[EventRounds "7"]
[EventCountry "GER"]

1. e4 d5 2. e5 c5 3. c3 Nc6 4. d4 Bf5 5. Nf3 e6 6. Bd3 Bxd3 7. Qxd3 cxd4 8.
cxd4 Qb6 9. O-O Nge7 10. Nc3 Rc8 11. Rd1 a6 12. a3 Na5 13. b4 Nc4 14. Rb1 Qc7
15. Ne2 Ng6 16. h4 h5 17. g3 Be7 18. Ne1 Qd7 19. Ng2 Bd8 20. Ngf4 Ne7 21. b5 a5
22. Nc3 g6 23. Na4 b6 24. Nh3 Nf5 25. Bg5 Be7 26. Nf4 Bxg5 27. hxg5 Qe7 28. Nh3
Qxa3 29. Qxa3 Nxa3 30. Ra1 Nc2 31. Nxb6 Nxa1 32. Nxc8 O-O 33. Nb6 Nb3 34. Nd7
Rd8 35. Nf6+ Kf8 36. Kg2 Nfxd4 37. b6 Ke7 38. Rd3 a4 39. Rc3 Nb5 40. Rc6 N5d4
41. Rc5 Rb8 42. Nf4 a3 43. Ne2 a2 44. Nxd4 Nxd4 45. Ra5 Nc6 46. Rxa2 Rxb6 47.
f4 Rb7 48. Ra8 Rb8 49. Ra6 Rc8 50. Kf2 Kd8 51. Ke3 Kc7 52. Ra1 Rb8 53. Ra3 Rb2
54. Ne8+ Kb6 55. Nd6 d4+ 56. Kd3 Kc5 57. Ne4+ Kb4 58. Ra6 Rb3+ 59. Kd2 Kb5 60.
Ra1 Nb4 61. Nd6+ Kc6 62. Rc1+ Kd5 0-1

[Event "Unna Open 2022"]
[Site "Unna"]
[Date "2022.12.28"]
[Round "4.9"]
[White "Hart, Klaus"]
[Black "Winkler, Yonathan"]
[Result "0-1"]
[WhiteElo "1784"]
[BlackElo "1994"]
[Annotator "Medger,Gernot"]
[PlyCount "80"]
[EventDate "2022.12.??"]
[EventType "tourn"]
[EventRounds "7"]
[EventCountry "GER"]

1. Nf3 d5 2. e3 Nf6 3. c4 c6 4. b3 Bg4 5. Bb2 e6 6. Be2 Bd6 7. O-O Nbd7 8. d4
h5 9. Nbd2 Ne4 10. Nxe4 dxe4 11. Nd2 Nf6 12. f3 exf3 13. Bxf3 Rh6 14. e4 Bf4
15. e5 Be3+ 16. Kh1 Bxf3 17. Rxf3 Ng4 18. Ne4 Qh4 19. Rh3 Nf2+ 20. Nxf2 Qxf2
21. Rf3 Qxb2 22. Rxe3 O-O-O 23. Rd3 c5 24. Rd2 Qc3 25. Rc1 Qe3 26. Rd3 Qe4 27.
Qf3 Rxd4 28. Rxd4 Qxf3 29. gxf3 cxd4 30. Rd1 f6 31. f4 fxe5 32. fxe5 Rg6 33.
Rxd4 Rg5 34. Re4 Kc7 35. b4 Kc6 36. a4 b6 37. h3 a5 38. bxa5 bxa5 39. Kh2 Kc5
40. Kh1 Kb4 0-1

[Event "Unna Open 2022"]
[Site "Unna"]
[Date "2022.12.28"]
[Round "4.10"]
[White "Merz, Martin"]
[Black "Hart, Theo"]
[Result "1-0"]
[WhiteElo "1967"]
[BlackElo "1788"]
[Annotator "Medger,Gernot"]
[PlyCount "69"]
[EventDate "2022.12.??"]
[EventType "tourn"]
[EventRounds "7"]
[EventCountry "GER"]

1. d4 d5 2. Nf3 Nf6 3. c4 c6 4. g3 Bg4 5. Bg2 e6 6. Qb3 Qb6 7. O-O Nbd7 8. Nc3
Qxb3 9. axb3 Bd6 10. c5 Bc7 11. b4 O-O 12. b5 Rfc8 13. Re1 h6 14. b4 Bf5 15.
bxc6 bxc6 16. b5 Bd8 17. bxc6 Rxc6 18. Bf4 Ne4 19. Rec1 g5 20. Ne5 Nxe5 21.
Bxe5 Nxc3 22. Rxc3 a5 23. g4 Bg6 24. e3 a4 25. Bf1 Be7 26. Bb5 Rcc8 27. Rxa4
Rxa4 28. Bxa4 Ra8 29. Bd7 Ra1+ 30. Kg2 Be4+ 31. f3 Ra2+ 32. Kg3 Rc2 33. Rxc2
Bxc2 34. Bb5 f6 35. c6 1-0

[Event "Unna Open 2022"]
[Site "Unna"]
[Date "2022.12.28"]
[Round "4.11"]
[White "Raabe, Stefan"]
[Black "Bui, Hoan Tam"]
[Result "1-0"]
[WhiteElo "1931"]
[BlackElo "1675"]
[Annotator "Medger,Gernot"]
[PlyCount "59"]
[EventDate "2022.12.??"]
[EventType "tourn"]
[EventRounds "7"]
[EventCountry "GER"]

1. e4 e6 2. d4 d5 3. exd5 exd5 4. Nf3 Nf6 5. Bd3 c5 6. O-O c4 7. Be2 Bd6 8. Nc3
h6 9. b3 cxb3 10. axb3 O-O 11. Nb5 Re8 12. Rxa7 Rxa7 13. Nxa7 Bg4 14. Nb5 Bf8
15. h3 Bh5 16. g4 Bg6 17. Ne5 Nc6 18. Nxg6 fxg6 19. f3 h5 20. Bg5 Qb8 21. Kg2
Nh7 22. Bh4 Be7 23. Bg3 Qd8 24. Nc7 h4 25. Bh2 Rf8 26. Ne6 Qe8 27. Nxf8 Qxf8
28. c4 Bd6 29. f4 g5 30. Qd2 1-0

[Event "Unna Open 2022"]
[Site "Unna"]
[Date "2022.12.28"]
[Round "4.12"]
[White "Hofer, Stefan"]
[Black "Wenning, Niels"]
[Result "0-1"]
[WhiteElo "1770"]
[BlackElo "1922"]
[Annotator "Medger,Gernot"]
[PlyCount "90"]
[EventDate "2022.12.??"]
[EventType "tourn"]
[EventRounds "7"]
[EventCountry "GER"]

1. e4 e5 2. Nf3 Nc6 3. Bb5 Nge7 4. d3 Ng6 5. c3 Be7 6. O-O O-O 7. Re1 d6 8. h3
f5 9. Nbd2 Be6 10. Nf1 fxe4 11. dxe4 Qe8 12. Ba4 Kh8 13. Ng5 Bxg5 14. Bxg5 Nf4
15. Ng3 Qf7 16. Bxf4 exf4 17. Nf5 Bxf5 18. exf5 Qxf5 19. Bc2 Qg5 20. Be4 Ne5
21. Bxb7 Rab8 22. Bf3 Rxb2 23. c4 Rfb8 24. c5 Nxf3+ 25. Qxf3 Qxc5 26. Rac1 Rc2
27. Rxc2 Qxc2 28. Qb7 Rf8 29. Qxa7 f3 30. g3 h6 31. a4 Qc6 32. Rb1 Qe4 33. Qb7
Qxa4 34. Qxc7 Qd4 35. Qe7 Ra8 36. Qe3 Qf6 37. Rd1 Rd8 38. Qd4 Qe6 39. g4 Qe7
40. Kh2 Qf7 41. Kg3 Qb3 42. Rd3 Qb1 43. Rxf3 Qg1+ 44. Kh4 Qh2 45. Qf4 g5+ 0-1

[Event "Unna Open 2022"]
[Site "Unna"]
[Date "2022.12.28"]
[Round "4.13"]
[White "Pinno, Gregor"]
[Black "Konrad, Alechander"]
[Result "1-0"]
[WhiteElo "1911"]
[BlackElo "1658"]
[Annotator "Medger,Gernot"]
[PlyCount "53"]
[EventDate "2022.12.??"]
[EventType "tourn"]
[EventRounds "7"]
[EventCountry "GER"]

1. e4 e6 2. d3 d5 3. Nd2 Nf6 4. Ngf3 Be7 5. g3 O-O 6. Bg2 c6 7. O-O a5 8. e5
Nfd7 9. Re1 Na6 10. Nf1 c5 11. h4 Rb8 12. N1h2 Nc7 13. Bf4 b6 14. h5 d4 15. h6
g6 16. c4 Bb7 17. a4 f5 18. exf6 Nxf6 19. Bxc7 Qxc7 20. Rxe6 Nh5 21. Qe2 Bd6
22. Re1 Bc6 23. Ng5 Bxg2 24. Qg4 Bc6 25. Nxh7 Qf7 26. Nxf8 Rxf8 27. Qxg6+ 1-0

[Event "Unna Open 2022"]
[Site "Unna"]
[Date "2022.12.28"]
[Round "4.14"]
[White "Eiden, Markus"]
[Black "Weber, Rolf"]
[Result "0-1"]
[WhiteElo "1744"]
[BlackElo "1905"]
[Annotator "Medger,Gernot"]
[PlyCount "166"]
[EventDate "2022.12.??"]
[EventType "tourn"]
[EventRounds "7"]
[EventCountry "GER"]

1. e4 e6 2. d4 d5 3. exd5 exd5 4. Nf3 Bd6 5. Bd3 Ne7 6. O-O Nbc6 7. c3 Bg4 8.
Nbd2 Qd7 9. Re1 Bf5 10. Nf1 O-O 11. Ng3 Bxd3 12. Qxd3 f6 13. Bd2 Nd8 14. Re2 c6
15. Rae1 Nf7 16. Bf4 Nc8 17. Bxd6 Ncxd6 18. Re7 Qd8 19. R7e3 Qa5 20. Qb1 g6 21.
Re7 Qb6 22. Nh4 Kg7 23. Rd7 Rae8 24. Ree7 Rxe7 25. Rxe7 Re8 26. Rxe8 Nxe8 27.
f4 Ned6 28. Nf3 Nc4 29. b3 a5 30. f5 Nce5 31. Nh4 Nh8 32. fxg6 hxg6 33. Kh1
Nef7 34. Ne2 Nd6 35. Ng3 Qd8 36. Qe1 Nhf7 37. Nf3 Qd7 38. Kg1 Qg4 39. Qe3 Ne4
40. Nxe4 dxe4 41. Ne1 Nd6 42. h3 Qe6 43. Nc2 a4 44. c4 g5 45. g4 Kg6 46. Qe2 f5
47. gxf5+ Qxf5 48. Qg4 e3 49. Qxf5+ Kxf5 50. Nxe3+ Ke4 51. Kf2 Kxd4 52. Nd1
axb3 53. axb3 Ne4+ 54. Kf3 Nf6 55. Nf2 Kc3 56. Ne4+ Nxe4 57. Kxe4 Kxb3 58. Kf5
Kxc4 59. Kxg5 b5 60. h4 b4 61. h5 b3 62. h6 b2 63. h7 b1=Q 64. h8=Q Qb5+ 65.
Kg6 Qd5 66. Qh4+ Kb5 67. Qe1 c5 68. Qb1+ Kc6 69. Qc2 c4 70. Qa4+ Kc5 71. Qa7+
Kb4 72. Qb6+ Kc3 73. Qa6 Qd3+ 74. Kg5 Kb2 75. Kf4 Qd2+ 76. Ke4 c3 77. Qb5+ Kc1
78. Qa5 Qe2+ 79. Kd4 c2 80. Qa1+ Kd2 81. Qc3+ Kd1 82. Qb3 Qd2+ 83. Kc4 Ke2 0-1

[Event "Unna Open 2022"]
[Site "Unna"]
[Date "2022.12.28"]
[Round "4.15"]
[White "Zuleger, Detlev"]
[Black "Theile-Rasche, Ingo"]
[Result "1/2-1/2"]
[WhiteElo "1705"]
[BlackElo "1871"]
[Annotator "Medger,Gernot"]
[PlyCount "106"]
[EventDate "2022.12.??"]
[EventType "tourn"]
[EventRounds "7"]
[EventCountry "GER"]

1. e4 c5 2. b4 e6 3. bxc5 Bxc5 4. d4 Be7 5. Bd3 d6 6. Ne2 Nc6 7. O-O Nf6 8. c3
O-O 9. f4 e5 10. d5 Qb6+ 11. Kh1 Nb8 12. h3 Nbd7 13. Ng3 Nc5 14. Bc2 Qc7 15.
fxe5 dxe5 16. a4 b6 17. Na3 Ba6 18. Nb5 Bxb5 19. axb5 Nb7 20. Nf5 Nd6 21. Nxe7+
Qxe7 22. Bg5 Nde8 23. d6 Qxd6 24. Qxd6 Nxd6 25. Bxf6 gxf6 26. Rxf6 Nxb5 27. c4
Kg7 28. Raf1 Nd4 29. Bb1 Rac8 30. Ba2 Ne2 31. R6f3 f6 32. h4 Rc5 33. Re3 Nd4
34. g4 Rf7 35. Rg3 Kf8 36. Rg2 Ke7 37. Rgf2 Ne6 38. Rd1 Rg7 39. Rfd2 Rc7 40.
Rg1 Nc5 41. Bb1 Ke6 42. Kh2 Rcd7 43. Rf2 h6 44. Rgf1 Rdf7 45. Kh3 Rg6 46. Rd2
Rd7 47. Rd5 Rgg7 48. Bc2 Na6 49. Ba4 Rd6 50. Rfd1 Rxd5 51. exd5+ Kd6 52. Rf1
Nc5 53. Bc2 Ke7 1/2-1/2

[Event "Unna Open 2022"]
[Site "Unna"]
[Date "2022.12.28"]
[Round "4.16"]
[White "Gehring, Sven"]
[Black "Kamper, Marco"]
[Result "1-0"]
[WhiteElo "1843"]
[BlackElo "1635"]
[Annotator "Medger,Gernot"]
[PlyCount "67"]
[EventDate "2022.12.??"]
[EventType "tourn"]
[EventRounds "7"]
[EventCountry "GER"]

1. e4 e5 2. Nf3 Nf6 3. Nxe5 d6 4. Nf3 Nxe4 5. Nc3 Nxc3 6. dxc3 Nc6 7. Be3 Be7
8. Qd2 Bg4 9. Be2 Qd7 10. O-O-O Ne5 11. Nxe5 dxe5 12. Bxg4 Qxg4 13. Qd5 O-O 14.
Qxe5 Bd6 15. Qg5 Qc4 16. Kb1 Qa4 17. Rd3 Rae8 18. Bd4 f6 19. Qh5 g6 20. Qf3 Qb5
21. Be3 Re5 22. Rhd1 Ba3 23. Bc1 Bd6 24. Rd5 Qc6 25. Qd3 Rfe8 26. c4 Re4 27. b3
Bf8 28. Rd8 R4e5 29. Rxe8 Qxe8 30. Be3 c5 31. Qd7 Rxe3 32. fxe3 Qxe3 33. Qd5+
Kh8 34. Qf7 1-0

[Event "Unna Open 2022"]
[Site "Unna"]
[Date "2022.12.28"]
[Round "4.17"]
[White "Pickhard, Tobias"]
[Black "Brieger, Sebastian"]
[Result "1/2-1/2"]
[WhiteElo "1673"]
[BlackElo "1841"]
[Annotator "Medger,Gernot"]
[PlyCount "68"]
[EventDate "2022.12.??"]
[EventType "tourn"]
[EventRounds "7"]
[EventCountry "GER"]

1. e4 c5 2. Nf3 e6 3. d4 cxd4 4. Nxd4 Nc6 5. Nc3 Qc7 6. Be2 a6 7. Be3 Nf6 8.
O-O Be7 9. Qd2 O-O 10. a4 Bb4 11. f3 d5 12. Nxc6 bxc6 13. exd5 Nxd5 14. Bd4 Qa5
15. Qd3 c5 16. Nxd5 exd5 17. Bxg7 c4 18. Qe3 Bd2 19. Qe5 f6 20. Qg3 Bf4 21.
Qxf4 Kxg7 22. Rfd1 Qb6+ 23. Qd4 Qxd4+ 24. Rxd4 Be6 25. b3 cxb3 26. cxb3 a5 27.
b4 axb4 28. Rxb4 Ra5 29. Rc1 Rf7 30. Rb6 Bd7 31. Bb5 Bxb5 32. axb5 Rd7 33. Rcc6
f5 34. Kf2 d4 1/2-1/2

[Event "Unna Open 2022"]
[Site "Unna"]
[Date "2022.12.28"]
[Round "4.18"]
[White "Meyer, Ulrich"]
[Black "Willems, Marcus"]
[Result "1-0"]
[WhiteElo "1830"]
[BlackElo "1628"]
[Annotator "Medger,Gernot"]
[PlyCount "105"]
[EventDate "2022.12.??"]
[EventType "tourn"]
[EventRounds "7"]
[EventCountry "GER"]

1. e4 c5 2. Nc3 Nc6 3. g3 g6 4. Bg2 Bg7 5. d3 e6 6. Be3 d6 7. Qd2 Rb8 8. f4 b5
9. Nf3 b4 10. Nd1 Nge7 11. O-O O-O 12. h3 Ba6 13. g4 c4 14. Nh2 cxd3 15. cxd3
d5 16. e5 d4 17. Bf2 Qd7 18. Bh4 Nd5 19. Bxd5 Qxd5 20. Nf2 Bb7 21. Ne4 Na5 22.
Nf3 Nc4 23. Qf2 Ne3 24. Nf6+ Bxf6 25. Bxf6 Qxf3 26. Qxf3 Bxf3 27. Rxf3 Rfc8 28.
Rf2 Rc7 29. f5 Rbc8 30. fxe6 fxe6 31. Bg5 Rc1+ 32. Rxc1 Rxc1+ 33. Kh2 Rc5 34.
Bh6 Rc8 35. Kg3 Nd1 36. Rd2 Ne3 37. Kf3 Nd5 38. Ke4 Kf7 39. Rf2+ Ke7 40. Kxd4
Nb6 41. Bg5+ Ke8 42. Ke4 Na4 43. d4 Nb6 44. h4 a5 45. h5 Nd5 46. hxg6 hxg6 47.
Rh2 Rc7 48. Kd3 a4 49. Rh8+ Kf7 50. Rh7+ Ke8 51. Rxc7 Nxc7 52. Kc4 Kd7 53. Kxb4
1-0

[Event "Unna Open 2022"]
[Site "Unna"]
[Date "2022.12.28"]
[Round "4.19"]
[White "Bertschik, Jonas"]
[Black "Kampert, Andreas"]
[Result "0-1"]
[WhiteElo "1637"]
[BlackElo "1830"]
[Annotator "Medger,Gernot"]
[PlyCount "94"]
[EventDate "2022.12.??"]
[EventType "tourn"]
[EventRounds "7"]
[EventCountry "GER"]

1. d4 Nf6 2. c4 e6 3. Nc3 b6 4. Nf3 Bb7 5. Bg5 Be7 6. e3 h6 7. Bf4 d5 8. Nb5
Na6 9. Be2 O-O 10. O-O c6 11. Nc3 Nc7 12. Rc1 c5 13. dxc5 Bxc5 14. a3 dxc4 15.
Qxd8 Raxd8 16. Bxc7 Rd7 17. Be5 Ng4 18. Bf4 g5 19. Ne5 Nxe5 20. Bxe5 Rd2 21.
Rb1 b5 22. Rfd1 Rc2 23. Bd6 Bxd6 24. Rxd6 a5 25. Bf3 Bxf3 26. gxf3 b4 27. axb4
axb4 28. Ne4 f5 29. Nc5 Ra8 30. Rb6 b3 31. Nxe6 Ra2 32. Nd4 Rcxb2 33. Rxb2 Rxb2
34. Rc6 Rb1+ 35. Kg2 b2 36. Rb6 c3 37. Nc2 Rc1 38. Na3 Ra1 39. Nc2 b1=Q 40.
Rxb1 Rxb1 41. f4 Rb2 42. Nd4 c2 43. Ne2 Rb1 44. fxg5 hxg5 45. Kf3 Re1 46. h3
Rxe2 47. Kxe2 c1=Q 0-1

[Event "Unna Open 2022"]
[Site "Unna"]
[Date "2022.12.28"]
[Round "4.20"]
[White "Nadan, Nikolas"]
[Black "Barskij, Aleksandr"]
[Result "1/2-1/2"]
[WhiteElo "1634"]
[BlackElo "1866"]
[Annotator "Medger,Gernot"]
[PlyCount "71"]
[EventDate "2022.12.??"]
[EventType "tourn"]
[EventRounds "7"]
[EventCountry "GER"]

1. e4 c5 2. Nc3 Nc6 3. Bb5 Nd4 4. Bc4 e6 5. f4 a6 6. a4 Nf6 7. e5 d5 8. Ba2 Nd7
9. Nf3 Be7 10. d3 O-O 11. O-O f6 12. exf6 Nxf6 13. Nxd4 cxd4 14. Ne2 Qb6 15.
Kh1 Bd7 16. Bb3 a5 17. Ng3 Bd6 18. Nh5 Kh8 19. Bd2 Qc7 20. g3 Rae8 21. Qe2 Bc6
22. Rae1 Ng8 23. g4 g6 24. Ng3 Bxf4 25. Bxf4 Rxf4 26. Rxf4 Qxf4 27. Rf1 Qd6 28.
Qf2 e5 29. h4 Qd7 30. Qf3 Nh6 31. Qf6+ Kg8 32. Nf5 gxf5 33. gxf5 Rf8 34. Qxe5
Rxf5 35. Rxf5 Qxf5 36. Qxd4 1/2-1/2

[Event "Unna Open 2022"]
[Site "Unna"]
[Date "2022.12.28"]
[Round "4.21"]
[White "Stöckmann, Helmut"]
[Black "Naumann, Martin"]
[Result "1-0"]
[WhiteElo "1886"]
[BlackElo "1511"]
[Annotator "Medger,Gernot"]
[PlyCount "41"]
[EventDate "2022.12.??"]
[EventType "tourn"]
[EventRounds "7"]
[EventCountry "GER"]

1. c4 Nf6 2. Nc3 e5 3. Nf3 d6 4. d4 exd4 5. Nxd4 Be7 6. e4 O-O 7. Be2 Be6 8.
O-O Nbd7 9. f3 c6 10. b3 Qc7 11. Bb2 Rad8 12. Rc1 Nb6 13. Qd2 d5 14. cxd5 cxd5
15. Nxd5 Qd6 16. Nb5 Qd7 17. Rc7 Qe8 18. Rxe7 Qxe7 19. Nxe7+ Kh8 20. Qg5 Rde8
21. Bxf6 1-0

[Event "Unna Open 2022"]
[Site "Unna"]
[Date "2022.12.28"]
[Round "4.22"]
[White "Medger, Gernot"]
[Black "Palermo, Julian"]
[Result "1-0"]
[WhiteElo "1822"]
[BlackElo "1297"]
[Annotator "Medger,Gernot"]
[PlyCount "37"]
[EventDate "2022.12.??"]
[EventType "tourn"]
[EventRounds "7"]
[EventCountry "GER"]

1. c4 c5 2. g3 Nc6 3. Bg2 e5 4. Nc3 Nf6 5. e3 g6 6. Nge2 Bg7 7. O-O O-O 8. a3
d6 9. d4 exd4 10. exd4 Bg4 11. h3 cxd4 12. hxg4 dxc3 13. Nxc3 Qd7 14. g5 Ne8
15. Bf4 Rd8 16. Rb1 Nc7 17. Qa4 Ne6 18. Be3 Bd4 19. Nd5 1-0